Magnetic compass / (Record no. 3143)

000 -LEADER
fixed length control field 00356nam a22001337a 4500
008 - FIXED-LENGTH DATA ELEMENTS--GENERAL INFORMATION
fixed length control field 200320b ||||| |||| 00| 0 eng d
100 ## - MAIN ENTRY--PERSONAL NAME
9 (RLIN) 2542
Personal name Subramaniam, H.
245 10 - TITLE STATEMENT
Title Magnetic compass /
260 ## - PUBLICATION, DISTRIBUTION, ETC. (IMPRINT)
Place of publication, distribution, etc Mumbai :
Name of publisher, distributor, etc Vijaya Publication,
Date of publication, distribution, etc c
300 ## - PHYSICAL DESCRIPTION
Extent 64p.
440 ## - SERIES STATEMENT/ADDED ENTRY--TITLE
Title Nutshell Series Booklet III
650 #0 - SUBJECT ADDED ENTRY--TOPICAL TERM
Topical term or geographic name as entry element Compass
942 ## - ADDED ENTRY ELEMENTS (KOHA)
Item type Books
Holdings
Withdrawn status Lost status Source of classification or shelving scheme Damaged status Not for loan Permanent location Current location Date acquired Source of acquisition Full call number Barcode Date last seen Cost, replacement price Koha item type Cost, normal purchase price
          IMU Kolkata IMU Kolkata 2011-04-28 Ross and Marketing Consultants 623.863 S9417 11251 2020-03-20 36.00 Books  
          IMU Kolkata IMU Kolkata 2020-07-30 16     2020-07-30 36.00 Books 36.00
Designed and Maintained by IMU-KC Library, Kolkata Campus © Copyright All Rights Reserved

webs counters

Powered by Koha